Normal view
MARC view
- Educación humanística
Entry Materia
001 - NÚMERO DE CONTROL DEL REGISTRO
- campo de control: 6593
003 - IDENTIFICADOR DE NUMERO DE CONTROL
- campo de control: UPN
005 - FECHA Y HORA DE LA ÚLTIMA TRANSACCIÓN
- campo de control: 20240919170005.0
008 - DATOS DE LONGITUD FIJA
- campo de control de longitud fija: 230330n||acnnnbabn a ana |d
035 ## - NÚMERO DE CONTROL DEL SISTEMA
- Número de control del sistema: UPN10000006595
040 ## - FUENTE DE LA CATALOGACIÓN
- Centro catalogador de origen: UPN
- Lengua de catalogación: spa
- Agencia de transcripción: UPN
046 ## - FECHAS CON CODIFICACIÓN ESPECIAL
- Fecha final para contenidos agregados: 2023
053 #4 - NÚMERO CLASIFICADOR - BIBLIOTECA DEL CONGRESO (LC)
- Elemento numérico de la clasificación - Número único o no. inicial del rango: LC1001
150 ## - ENCABEZAMIENTO - TEMÁTICO
- Término de materia o nombre geográfico como elemento inicial: Educación humanística
450 ## - VÉASE - MATERIA
- Encabezamiento temático: Educación liberal
450 ## - VÉASE - MATERIA
- Encabezamiento temático: Educación de artes liberales
550 ## - VÉASE ADEMÁS - MATERIA
- Subcampo de control: g
- Encabezamiento temático o nombre geográfico como elemento de entrada: Educación
670 ## - FUENTE EN LA QUE SE LOCALIZARON DATOS
- Cita de la fuente: Autoridades Librunam, 30 marzo 2023:
- Información localizada: (Educación humanística)
902 ## - CATALOGADOR
- Catalogador: MMA/311096
